Vous les femmes - Julio Iglesias - Statistiques

Statistiques générales
  • Ce quiz a été pris 38 fois
  • Le résultat moyen est 116 sur 152
Statistiques - réponses
Réponse % Correct
a
100%
à
100%
de
100%
femmes
100%
hommes
100%
l'
100%
le
100%
les
100%
nous
100%
vous
100%
et
95%
charme
90%
des
85%
dès
85%
la
85%
pauvres
85%
sommes
85%
désarment
80%
on
80%
vos
80%
adorables
75%
attirent
75%
diables
75%
avec
70%
larmes
70%
sourires
70%
anges
65%
nos
65%
aime
60%
dit
60%
douces
60%
milliers
60%
moins
60%
ou
60%
peut-être
60%
plus
60%
roses
60%
sans
60%
autre
55%
ça
55%
connaître
55%
dire
55%
répondez
55%
se
55%
source
55%
toujours
55%
drame
50%
misérables
50%
prouve
50%
si
50%
bien
45%
entoure
45%
jouer
45%
mon
45%
pense
45%
qu'un
45%
tendance
45%
indifférence
40%
vulnérables
40%
est
35%
fait
35%
flatte
35%
sourit
35%
croit
30%
fort
30%
fous
30%
pour
30%
tout
30%
très
30%
jalousie
25%
éclate
20%
puis
20%
calmer
15%
Aucun quiz correspondant
Distribution des résultats
% des personnes avec chaque résultat
Percentile par nombre de réponses
Votre historique - résultats
Vous n’avez pas pris ce quiz